000 00927nam a2200241Ia 4500
003 OSt
005 20220923212051.0
006 a|||||r|||| 00| 0
007 ta
008 220922b |||||||| |||| 00| 0 hin d
024 _a150,506
037 _cTextual
040 _aARTS
_cARTS
_bhin
041 _2hin
_ahin
082 _aC51, 152K2
100 _aमिनैर्ट, एम0
_9162054
245 0 _aप्रकाश और वर्ण (का स्वरूप खुली हवा मेेें ), भागवती प्रसाद श्रीवास्तव अनु
246 _aPrakāsh aur varṇa (kā svarūp khulī havā meeean ), bhāgavatī prasād shrīvāstav anu0
260 _c1962
490 _aहिन्दी-समिति ग्रथ्ंामाला 65
942 _hC51, 152K2
_cTEXL
_2CC
999 _c306186
_d306186